Vplyv zmeny výšky životného minima od 1. júla 2003
Životné minimum ako základný nástroj v systéme sociálnej pomoci. Zákon č. 125/1998 Z.z. o životnom mnime a o stanovení súm na účely štátnych sociálnych dávok. Sumy životného minima. Započítavanie príjmov. Dávky, výška ktorých je naviazaná na životné minimum. Dávky sociálnej pomoci. Podpora v nezames...
Salvato in:
| Autore principale: | |
|---|---|
| Natura: | Capitolo di libro |
| Lingua: | slovacco |
| Soggetti: | |
| Tags: |
Nessun Tag, puoi essere il primo ad aggiungerne!!
|
MARC
| LEADER | 00000naa$a2200000$$$4500 | ||
|---|---|---|---|
| 001 | 0002307 | ||
| 005 | 20231002091029.3 | ||
| 041 | 0 | |a slo | |
| 044 | |a SK | ||
| 245 | 1 | 0 | |a Vplyv zmeny výšky životného minima od 1. júla 2003 |c aut. Zuzana Macková |
| 520 | |a Životné minimum ako základný nástroj v systéme sociálnej pomoci. Zákon č. 125/1998 Z.z. o životnom mnime a o stanovení súm na účely štátnych sociálnych dávok. Sumy životného minima. Započítavanie príjmov. Dávky, výška ktorých je naviazaná na životné minimum. Dávky sociálnej pomoci. Podpora v nezamestnanosti. | ||
| 610 | 2 | 0 | |a minimum existenčné |
| 610 | 2 | 0 | |a príjmy |
| 610 | 2 | 0 | |a osoby fyzické |
| 610 | 2 | 0 | |a dávky sociálne |
| 610 | 2 | 0 | |a pomoc sociálna |
| 610 | 2 | 0 | |a dôchodky sociálne |
| 610 | 2 | 0 | |a podpory v nezamestnanosti |
| 100 | 1 | |a Macková, Zuzana | |